Lyrics Dolly Parton + Kenny Rogers - Islands in the stream - Statistics

General Stats
  • This quiz has been taken 115 times
  • The average score is 203 of 257
Answer Stats
Answer % Correct
a
100%
I
100%
in
100%
that
100%
That
100%
are
99%
is
99%
the
99%
We
99%
we
99%
what
99%
Islands
97%
stream
97%
love
94%
on
94%
to
94%
To
94%
another
93%
be
93%
beat
93%
between
93%
each
93%
with
93%
can
92%
How
92%
me
92%
one
92%
other
92%
no
90%
No
90%
away
89%
real
89%
wrong
89%
and
88%
And
88%
Sail
88%
you
88%
You
88%
From
86%
lover
86%
world
86%
rely
85%
when
83%
there
82%
There
82%
do
81%
was
79%
ah-ha
76%
Too
76%
Baby
75%
can't
75%
met
74%
It
72%
it
72%
my
72%
going
71%
peace
71%
something
71%
got
68%
out
68%
feel
67%
explain
65%
fine
65%
Making
65%
of
65%
comb
64%
this
64%
This
64%
tooth
64%
for
63%
heart
63%
get
61%
Every
60%
pain
60%
thing
60%
together
60%
Tender
58%
set
57%
if
56%
will
56%
gone
54%
inside
53%
live
53%
us
53%
without
53%
requires
51%
ride
51%
All
50%
blind
50%
could
50%
Hold
50%
unknown
50%
dedication
49%
way
49%
as
47%
closer
47%
cry
47%
needs
47%
deep
46%
more
46%
never
46%
But
44%
conversation
44%
night
43%
nothing
43%
won't
43%
soft
42%
hurt
40%
losing
40%
sight
40%
clear
38%
forever
38%
walk
38%
doubt
36%
happen
36%
message
36%
Slowly
36%
year
35%
just
31%
Everything
29%
start
29%
end
28%
ah-ha
22%
No matching quizzes found
Score Distribution
Percent of People with Each Score
Percentile by Number Answered
Your Score History
You have not taken this quiz